| 000 | 00683nam a2200229Ia 4500 | ||
|---|---|---|---|
| 003 | GCL | ||
| 008 | 140319s9999 xx 000 0 ara d | ||
| 040 |
_aGCL / _cGCL |
||
| 082 | 0 | 4 |
_aط _b595.44 _bب ق |
| 100 | 1 | _aاحمد شفيق الخطيب | |
| 245 | 1 | 0 |
_aقصة العنكبوت / _cاحمد شفيق الخطيب |
| 700 | 1 | _aجول، جون | |
| 260 |
_a[S.N] : _bمكتبة لبنان ، _c1982 |
||
| 300 | _aمتعددة | ||
| 490 |
_aسلسلة التاريخ الطبيعى _v0 |
||
| 650 | 0 | 4 | _aالاطفال |
| 650 | 0 | 4 | _aالحيوان |
| 650 | 0 | 4 | _aالعناكب |
| 650 | 0 | 4 | _aبيوت العنكبوت |
| 650 | 0 | 4 | _aالعنكبوتات |
| 942 |
_2ddc _cBK |
||
| 999 |
_c33115 _d33115 |
||